NBA Best Dunker On Each Team OAT - Statistics

General Stats
  • This quiz has been taken 75 times
    74 since last reset
  • The average score is 14 of 30
Answer Stats
Hint Answer % Correct
Bulls Michael Jordan
94%
Cavaliers LeBron James
89%
Hawks Dominique Wilkins
88%
Raptors Vince Carter
80%
Nets Julius Erving
74%
76ers Julius Erving
74%
Lakers Kobe Bryant
68%
Clippers Blake Griffin
65%
Heat Dwyane Wade
65%
Grizzlies Ja Morant
62%
Timberwolves Anthony Edwards
58%
Magic Dwight Howard
58%
Pelicans Zion Williamson
58%
Trailblazers Clyde Drexler
51%
Jazz Karl Malone
51%
Knicks Nate Robinson
49%
Rockets Tracy McGrady
45%
Thunder Shawn Kemp
43%
Celtics Dee Brown
42%
Hornets Gerald Wallace
35%
Warriors Jason Richardson
35%
Kings Kenny Smith
29%
Pacers Fred Jones
28%
Spurs George Gervin
23%
Suns Amare Stoudamire
17%
Nuggets David Thompson
15%
Bucks Desmond Mason
11%
Pistons Jerry Stackhouse
8%
Mavericks Rolando Blackman
8%
Wizards JaVale McGee
3%
No matching quizzes found
Score Distribution
Percent of People with Each Score
Percentile by Number Answered
Your Score History
You have not taken this quiz since the last reset